00425nam a2200157Ia 4500008004100000020001800041082001900059100002000078245004900098250000800147260002700155300001800182500001900200600003300219650001500252240925s9999 xx 000 0 und d a9781352005226 a808.066378 GRE aGreetham, Bryan 0aHow to write your undergraduate dissertation a3rd aOhio:bMacmillanc2019 a350p.bNAfNA aIncludes Index aHumanities & Natural Science aLiterature